000 00371 a2200157 4500
001 74607
020 _a8533907095
040 _cAnchieta - Colégio São Paulo
100 _aVieira, Isabel
240 1 0 _aAs aventuras de Robin Hood
_lpor
245 1 0 _aAs aventuras de Robin Hood
300 _a32
362 0 _a2004
650 4 _aLiteratura infanto-juvenil
942 _cBK
999 _c74607
_d74607